Tratado general de sociología / (Registro nro. 7281)

Detalles MARC
000 -LEADER
fixed length control field 02426nam a22002297a 4500
003 - CONTROL NUMBER IDENTIFIER
control field OSt
005 - DATE AND TIME OF LATEST TRANSACTION
control field 20210222154108.0
008 - FIXED-LENGTH DATA ELEMENTS--GENERAL INFORMATION
fixed length control field 210222s1996 mx ||||gr|||| 00| 0 spa d
020 ## - INTERNATIONAL STANDARD BOOK NUMBER
International Standard Book Number 9684320655
040 ## - CATALOGING SOURCE
Original cataloging agency CO-JMCR
Transcribing agency CO-JMCR
041 0# - LANGUAGE CODE
Language code of text/sound track or separate title spa
082 04 - DEWEY DECIMAL CLASSIFICATION NUMBER
Classification number 301 /
Item number R294t
Edition number 23
100 ## - MAIN ENTRY--PERSONAL NAME
Personal name Recaséns Siches, Luis,
Dates associated with a name 1903-1977
Relator term autor
9 (RLIN) 13781
245 1# - TITLE STATEMENT
Title Tratado general de sociología /
Statement of responsibility, etc. Luis Recasens Siches
250 ## - EDITION STATEMENT
Edition statement Vigesimoquinta edición
260 ## - PUBLICATION, DISTRIBUTION, ETC.
Place of publication, distribution, etc. México :
Name of publisher, distributor, etc. Porrua,
Date of publication, distribution, etc. 1996
300 ## - PHYSICAL DESCRIPTION
Extent 682 páginas ;
Dimensions 23 cm.
505 0# - FORMATTED CONTENTS NOTE
Formatted contents note Objetivo y propósito de la sociología, sus diferencias y relaciones con otras disciplinas -- Las funciones practicas de la sociología -- Precedentes, fundación y primeros pasos de la sociología -- Las varias experiencias de lo social -- La sociología como ciencia de determinados hechos humanos con sentido -- El problema de la definición de lo social -- Estudio del hombre como instrucción al estudio de la sociedad. la personalidad individual y sus ingredientes sociales -- El supuesto y la base de las relaciones interhumanas. Esencialidad y función de los social -- La cultura y su función en la sociedad. Cultura objetiva, cultura subjetiva, cultura como herencia y patrimonio cultural -- Modos colectivos de conducta, creencias, usos, costumbres, ritos, símbolos, etc. -- El control social -- La socialización de la conducta. la mentalidad colectiva individuo y sociedad -- El progreso y el cambio social -- Los factores físicos y la vida social -- Condiciones y factores biológicos y factores psicológicos -- Raza y sociología -- La interacción social. Las relaciones sociales -- Relaciones y procesos sociales en general -- Procesos asociativos -- Procesos sociales de oposición y disociativos -- Formaciones, complejos o grupos sociales. Sus diversos tipos. Clasificaciones varias -- Las muchedumbre -- Grupos sociales permanentes no organizados. Circulo y clases sociales -- Los entes colectivos institucionales, en general -- La familia -- La comunidad local. Sociología rural y sociología urbana -- La nación -- Sociología de la cultura y de la historia -- La dinámica socio-cultural-historia -- Sociología del lenguaje -- Sociología del conocimiento o del saber -- Sociología del derecho Técnica y sociedad -- Sociología del arte
650 14 - SUBJECT ADDED ENTRY--TOPICAL TERM
Topical term or geographic name entry element Sociología
9 (RLIN) 13782
650 14 - SUBJECT ADDED ENTRY--TOPICAL TERM
Topical term or geographic name entry element Definición de los social
9 (RLIN) 13783
942 ## - ADDED ENTRY ELEMENTS (KOHA)
Source of classification or shelving scheme Dewey Decimal Classification
Koha item type Books
Existencias
Withdrawn status Lost status Source of classification or shelving scheme Damaged status Not for loan Home library Current library Shelving location Date acquired Source of acquisition Total Checkouts Full call number Barcode Date last seen Copy number Price effective from Koha item type
    Dewey Decimal Classification     Biblioteca Pública José María del Castillo y Rada Biblioteca Pública José María del Castillo y Rada General Stacks 10/02/2020 Donación   301 / R294t 201810565 05/16/2024 Ej.1 10/02/2020 Books